000 00257 a2200085 4500
245 _aFPGA advantage (student workbook) [Manual]
_cMentor Graphics Co.
260 _aU S A :
_bMentor Graphics Co.,
_c2008.
300 _a550 p. :
_bill. ;
_c27 cm.
942 _cBK
_k006.6 MEN
999 _c10261
_d10261